Catálogo

Inmunología básica y clínica / (Registro nro. 53515)

Detalles MARC
000 -LEADER
fixed length control field 01382cam a2200361 i 4500
001 - CONTROL NUMBER
control field 53515
003 - CONTROL NUMBER IDENTIFIER
control field Mx-PuUPA
005 - DATE AND TIME OF LATEST TRANSACTION
control field 20251024090939.0
008 - FIXED-LENGTH DATA ELEMENTS--GENERAL INFORMATION
fixed length control field 140415s2011 sp ad fr 001 0 spa d
020 ## - INTERNATIONAL STANDARD BOOK NUMBER
International Standard Book Number 9788480867290
040 ## - CATALOGING SOURCE
Original cataloging agency MX-PuUPA
Language of cataloging spa
Description conventions rda
Transcribing agency Mx-PuUPA
Modifying agency Mx-PuUPA
041 0# - LANGUAGE CODE
Language code of text/sound track or separate title spa
100 1# - MAIN ENTRY--PERSONAL NAME
Personal name Peakman, Mark,
Relator term autor
9 (RLIN) 7566
245 10 - TITLE STATEMENT
Title Inmunología básica y clínica /
Statement of responsibility, etc. Mark Peakman, Diego Vergani ; ilustrado por Danny J. Pyne y Martin Woodward ; traducción, Bibiana Lienas Massto.
250 ## - EDITION STATEMENT
Edition statement Segunda edición
264 #4 - PRODUCTION, PUBLICATION, DISTRIBUTION, MANUFACTURE, AND COPYRIGHT NOTICE
Place of production, publication, distribution, manufacture Barcelona, España :
Name of producer, publisher, distributor, manufacturer Elsevier España,
Date of production, publication, distribution, manufacture, or copyright notice ©2011
300 ## - PHYSICAL DESCRIPTION
Extent viii, 365 páginas :
Other physical details ilustraciones, gráficas ;
Dimensions 30 cm.
336 ## - CONTENT TYPE
Content type term texto
Fuente rdacontent
Content type code txt
337 ## - MEDIA TYPE
Media type term sin medio
Source rdamedia
Media type code n
338 ## - CARRIER TYPE
Carrier type term volumen
Source rdacarrier
Carrier type code nc
490 0# - SERIES STATEMENT
Series statement Student Consult
650 #7 - SUBJECT ADDED ENTRY--TOPICAL TERM
Topical term or geographic name entry element Inmunología
General subdivision Enseñanza vocacional
Source of heading or term armarc
650 #7 - SUBJECT ADDED ENTRY--TOPICAL TERM
Topical term or geographic name entry element Psicología educativa
General subdivision Desarrollo cognoscitivo
Source of heading or term armarc
700 1# - ADDED ENTRY--PERSONAL NAME
Personal name Vergani, Diego,
Relator term autor
700 1# - ADDED ENTRY--PERSONAL NAME
Personal name Pyne, Danny J.,
Relator term ilustrador
700 1# - ADDED ENTRY--PERSONAL NAME
Personal name Woodward, Martin,
Relator term ilustrador
700 1# - ADDED ENTRY--PERSONAL NAME
Personal name Lienas Massto, Bibiana,
Relator term traductor
942 ## - ADDED ENTRY ELEMENTS (KOHA)
Source of classification or shelving scheme Dewey Decimal Classification
Koha item type Libro
Classification part 616.079
Item part P34
Existencias
Withdrawn status Lost status Source of classification or shelving scheme Damaged status Not for loan Collection code Home library Current library Shelving location Date acquired Source of acquisition Total Checkouts Total Renewals Full call number Barcode Date last seen Date last checked out Copy number Price effective from Koha item type
    Dewey Decimal Classification     General Biblioteca Karol Wojtyla Biblioteca Karol Wojtyla Sala general 03/12/2013 Compra 17 2 616.079 P34 2011 79674 23/03/2026 12/03/2026 Ej.4 14/01/2015 Libro
    Dewey Decimal Classification     General Biblioteca Karol Wojtyla Biblioteca Karol Wojtyla Sala general 22/06/2018 Compra 2   616.079 P34 2011 99242 13/03/2026 05/09/2025 Ej.3 26/06/2018 Reserva permanente
    Dewey Decimal Classification     General Biblioteca Karol Wojtyla Biblioteca Karol Wojtyla Sala general 03/12/2013 Compra 23 4 616.079 P34 2011 79673 12/03/2026 14/03/2023   14/01/2015 Libro
    Dewey Decimal Classification     General Biblioteca Karol Wojtyla Biblioteca Karol Wojtyla Sala general 03/12/2013 Compra     616.079 P34 2011 79675 12/03/2026 22/01/2015 Ej.2 14/01/2015 Reserva permanente
    Dewey Decimal Classification     General Biblioteca Karol Wojtyla Biblioteca Karol Wojtyla Sala general 03/12/2013 Compra 7 2 616.079 P34 2011 61447 12/03/2026 10/10/2024 Ej.5 03/12/2013 Libro